[Event "Grand Rapids (MI Am/5/27)"]
[Site "?"]
[Date "1995.??.??"]
[Round "?"]
[White "McFolley, John"]
[Black "Dumas, Steve"]
[Result "1-0"]
[WhiteElo "1605"]
[BlackElo "1605"]
[PlyCount "107"]
[EventDate "1995.??.??"]

{5/(27)} 1. e4 e5 2. Bc4 Nh6 3. d4 Nc6 4. Qh5 g6 5. Qg5 f6 6. Qh4 Nxd4 7. Kd1
Qe7 8. Bxh6 Qd6 9. Nd2 b5 10. Bd3 Bb7 11. c3 Ne6 12. Bc2 O-O-O 13. Be3 g5 14.
Qg3 h5 15. h4 Rg8 16. hxg5 fxg5 17. Rxh5 Be7 18. Nh3 g4 19. Ng1 Nf4 20. Bxf4
exf4 21. Qd3 Qxd3 22. Bxd3 a6 23. a4 b4 24. Ra5 d5 25. exd5 Bxd5 26. Bxa6+ Kb8
27. cxb4 Bb3+ 28. Kc1 Bd5 29. Bf1 Bb7 30. Rb5 c6 31. Rb6 Kc7 32. a5 f3 33. g3
Bg5 34. Ba6 Bxa6 35. Rxa6 Bxd2+ 36. Kc2 Bxb4 37. Ra4 Rd2+ 38. Kc1 Rd4 39. Kc2
Re8 40. Ra7+ Kb8 41. Rf7 c5 42. a6 Rd2+ 43. Kb3 Rxf2 44. Ra1 Ka8 45. a7 Bd2 46.
Rg7 Be3 47. Rxg4 Bd4 48. Ra2 Rc8 49. Rf4 c4+ 50. Kb4 Bc5+ 51. Kc3 Rf1 52. Nxf3
Bxa7 53. Rf7 Rxf3+ 54. Rxf3 1-0

[Event "Troy (US Am N/1/41)"]
[Site "?"]
[Date "1995.??.??"]
[Round "?"]
[White "McCarter, Robert"]
[Black "Young, A."]
[Result "0-1"]
[WhiteElo "1705"]
[BlackElo "1605"]
[PlyCount "106"]
[EventDate "1995.??.??"]

{1/(41)} 1. d4 d5 2. Nf3 Nf6 3. Bf4 e6 4. e3 b6 5. Bd3 Nc6 6. O-O Bd6 7. Bb5
Bb7 8. Ne5 Bxe5 9. Bxe5 O-O 10. Bg3 a6 11. Be2 Ne7 12. h3 Nf5 13. Bh2 c5 14. c3
Ne4 15. Nd2 Ng5 16. Nf3 f6 17. Nxg5 fxg5 18. Be5 Rc8 19. Bd3 c4 20. Bc2 Qd7 21.
Qh5 Qf7 22. Qxg5 Qg6 23. Qxg6 hxg6 24. Rae1 Nh4 25. f3 g5 26. e4 b5 27. exd5
Bxd5 28. Be4 Bxe4 29. fxe4 Rxf1+ 30. Rxf1 Rf8 31. Rxf8+ Kxf8 32. Kf2 Ng6 33.
Bd6+ Kf7 34. g3 Kf6 35. Kf3 a5 36. Bc7 a4 37. Bd8+ Ne7 38. Kg4 g6 39. Bxe7+
Kxe7 40. Kxg5 Kf7 41. h4 b4 42. g4 a3 43. bxa3 bxc3 44. h5 gxh5 45. gxh5 Kg7
46. d5 exd5 47. exd5 c2 48. d6 c1=Q+ 49. Kf5 Qf1+ 50. Ke5 Qf6+ 51. Kd5 c3 52.
a4 c2 53. d7 c1=Q 0-1

[Event "Eastpointe (MCO/4/24)"]
[Site "?"]
[Date "1995.??.??"]
[Round "?"]
[White "McCarter, Robert"]
[Black "Wright, Ken"]
[Result "0-1"]
[WhiteElo "1760"]
[BlackElo "1605"]
[PlyCount "120"]
[EventDate "1995.??.??"]

{4/(24)} 1. d4 Nf6 2. Nf3 e6 3. Bf4 Nc6 4. e3 Be7 5. h3 a6 6. c4 Bb4+ 7. Nbd2
b6 8. a3 Bxd2+ 9. Nxd2 Bb7 10. Be2 h6 11. b4 Ne7 12. Bf3 d5 13. Rc1 Rc8 14. Qb3
O-O 15. O-O Ng6 16. Bh2 Re8 17. Rfd1 Nh4 18. cxd5 exd5 19. Be2 Ne4 20. Nxe4
Rxe4 21. Rc3 Qg5 22. Bg3 c6 23. Bxh4 Rxh4 24. Kh2 Rc7 25. Rdc1 Rd7 26. Bf3 Qf5
27. Qc2 Rxh3+ 28. gxh3 Qxf3 29. Rg1 Rd6 30. Rg3 Qf6 31. Qe2 Bc8 32. Rc1 Qh4 33.
Rcg1 Kf8 34. Qf1 g6 35. Qg2 Bf5 36. Qf1 b5 37. f3 Re6 38. Qf2 Rf6 39. Rf1 Be6
40. Kg1 Rf5 41. Qh2 Rh5 42. Rc1 Bd7 43. Rc2 Qf6 44. Qg2 Qf5 45. e4 Qf4 46. Kf1
dxe4 47. Ke2 exf3+ 48. Qxf3 Qxd4 49. Rd2 Re5+ 50. Kd1 Qa1+ 51. Kc2 Bf5+ 52. Rd3
Qa2+ 53. Kd1 Qb1+ 54. Kd2 Qe1+ 55. Kc2 Re2+ 56. Kb3 Be6+ 57. Rd5 Qb1+ 58. Kc3
Qc2+ 59. Kd4 Bxd5 60. Qf6 Qc4# 0-1

[Event "East Lansing (MI Op/5/34)"]
[Site "?"]
[Date "1995.??.??"]
[Round "?"]
[White "McCarter, Robert"]
[Black "Ward, Tim"]
[Result "1-0"]
[WhiteElo "1725"]
[BlackElo "1830"]
[PlyCount "51"]
[EventDate "1995.??.??"]

{5/(34)} 1. d4 f5 2. Nf3 Nf6 3. Bf4 e6 4. e3 d5 5. c4 Be7 6. h3 Nbd7 7. Nc3 c6
8. Bd3 Ne4 9. Ne5 Nxe5 10. Bxe5 Bf6 11. Bxf6 Qxf6 12. cxd5 exd5 13. O-O O-O 14.
Qc2 Kh8 15. Ne2 Bd7 16. f3 Ng5 17. e4 f4 18. e5 Nxh3+ 19. gxh3 Qh4 20. Rf2 g6
21. Rh2 Bxh3 22. Kh1 g5 23. Ng1 g4 24. fxg4 f3 25. Nxh3 Qxg4 26. Nf2 1-0

[Event "Ann Arbor (HVA/5/2)"]
[Site "?"]
[Date "1995.??.??"]
[Round "?"]
[White "McCarter, Robert"]
[Black "Skidmore, Mike"]
[Result "0-1"]
[WhiteElo "1765"]
[BlackElo "1950"]
[PlyCount "88"]
[EventDate "1995.??.??"]

{5/(2)} 1. d4 d5 2. Nf3 Bg4 3. Nbd2 Nf6 4. h3 Bf5 5. e3 e6 6. c4 c6 7. cxd5
exd5 8. Be2 Bd6 9. O-O Qc7 10. b3 Nbd7 11. Bb2 h6 12. Re1 g5 13. Nf1 g4 14. Nh4
Be6 15. hxg4 O-O-O 16. a3 Rdg8 17. Nf5 Bxf5 18. gxf5 h5 19. f4 Ng4 20. Bf3 Ndf6
21. Rc1 h4 22. Rc2 h3 23. g3 h2+ 24. Kh1 Nh6 25. Rxh2 Nxf5 26. Rxh8 Rxh8+ 27.
Kg2 Rg8 28. Kf2 Qd8 29. Qd3 Nh6 30. Nd2 Qf8 31. Rg1 Nhg4+ 32. Bxg4+ Nxg4+ 33.
Kf3 Qh6 34. Qf5+ Kb8 35. Qxf7 Rg7 36. Qe8+ Kc7 37. Rg2 Re7 38. Qg8 Rxe3+ 39.
Kxg4 Re7 40. Qa8 Qg6+ 41. Kf3 Qd3+ 42. Kf2 Qxd2+ 43. Kf3 Qd3+ 44. Kf2 Re2+ 0-1

[Event "Ann Arbor (MLS Jul/4/6)"]
[Site "?"]
[Date "1995.??.??"]
[Round "?"]
[White "McCarter, Robert"]
[Black "Shiu, L."]
[Result "1-0"]
[WhiteElo "1735"]
[BlackElo "1605"]
[PlyCount "91"]
[EventDate "1995.??.??"]

{4/(6)} 1. d4 Nf6 2. Nf3 g6 3. Bf4 Bg7 4. e3 d6 5. h3 Nbd7 6. Be2 c5 7. c3 O-O
8. Nbd2 Nd5 9. Bh2 e5 10. dxc5 Nxc5 11. Nc4 Be6 12. O-O b5 13. Ncd2 a6 14. Qc2
f5 15. Rfd1 Qe7 16. Nb3 Rac8 17. Qd2 f4 18. Nxc5 fxe3 19. fxe3 Rxc5 20. e4 Nf4
21. Bxf4 Rxf4 22. Qxd6 Qxd6 23. Rxd6 Rxe4 24. Ng5 Rxe2 25. Rd8+ Bf8 26. Nxe6
Kf7 27. Nxc5 Bxc5+ 28. Kh1 Rxb2 29. Rd5 Be7 30. Rxe5 Bf6 31. Rc5 Ke7 32. Rc6
Bh8 33. Re1+ Kd7 34. Rxa6 Bxc3 35. Rd1+ Ke7 36. g4 b4 37. Rd3 Re2 38. a3 Re1+
39. Kg2 b3 40. Rxc3 b2 41. Rc7+ Kd8 42. Rxh7 Rc1 43. Rb7 Rc2+ 44. Kg3 Kc8 45.
Rb3 Rd2 46. Rab6 1-0

[Event "East Lansing (Class B/1/3)"]
[Site "?"]
[Date "1995.??.??"]
[Round "?"]
[White "McCarter, Robert"]
[Black "Scriber, Darin"]
[Result "0-1"]
[WhiteElo "1760"]
[BlackElo "1670"]
[PlyCount "88"]
[EventDate "1995.??.??"]

{1/(3)} 1. d4 Nf6 2. Nf3 e6 3. Bf4 b6 4. e3 Bb7 5. Nbd2 Be7 6. h3 O-O 7. Bd3 c5
8. c3 d5 9. Ne5 Nc6 10. Ndf3 Re8 11. Nxc6 Bxc6 12. Ne5 Qc8 13. Nxc6 Qxc6 14.
Qe2 c4 15. Bc2 b5 16. O-O Bd6 17. Bxd6 Qxd6 18. Qf3 Rab8 19. a3 Re7 20. Rfe1
Reb7 21. e4 dxe4 22. Bxe4 Rb6 23. Rad1 a5 24. Bc2 b4 25. cxb4 axb4 26. Re5 h6
27. Rc5 c3 28. bxc3 b3 29. Bd3 b2 30. Rb1 Rb3 31. a4 Ra3 32. Qd1 Nd5 33. Qc2
Ra1 34. Bf1 Rxb1 35. Qxb1 Qf4 36. Bb5 Qc1+ 37. Qxc1 bxc1=Q+ 38. Kh2 Nxc3 39.
Bc6 Qf4+ 40. Kg1 Qxd4 41. Rh5 Rb1+ 42. Kh2 Qf4+ 43. g3 Qxf2+ 44. Bg2 Qg1# 0-1

[Event "Ann Arbor (HVA/2/2)"]
[Site "?"]
[Date "1995.??.??"]
[Round "?"]
[White "McCarter, Robert"]
[Black "Santiago, Reynaldo"]
[Result "1-0"]
[WhiteElo "1760"]
[BlackElo "1965"]
[PlyCount "75"]
[EventDate "1995.??.??"]

{2/(2)} 1. d4 Nf6 2. Nf3 g6 3. Bf4 Bg7 4. e3 d6 5. h3 b6 6. c4 O-O 7. Nc3 Nbd7
8. Qc2 Re8 9. Bh2 Bb7 10. Be2 e5 11. dxe5 Nxe5 12. O-O Qd7 13. Nxe5 dxe5 14.
Rad1 Qc6 15. Bf3 e4 16. Be2 a6 17. Rd2 Rac8 18. Rfd1 Qe6 19. b3 Bf8 20. Qb2 Bg7
21. Qc2 Qe7 22. Bf4 h6 23. g4 g5 24. Bg3 Red8 25. Bf1 Rxd2 26. Qxd2 Bc6 27. Bg2
b5 28. cxb5 axb5 29. Qc2 Qc5 30. Rd2 Qe7 31. Ne2 Ba8 32. Nd4 Qe8 33. Nf5 Bf8
34. Qb2 Qe6 35. Qd4 c5 36. Qe5 Kh7 37. Qxe6 fxe6 38. Be5 1-0

[Event "Ann Arbor (HVA/1/8)"]
[Site "?"]
[Date "1995.??.??"]
[Round "?"]
[White "McCarter, Robert"]
[Black "Ross, A."]
[Result "1-0"]
[WhiteElo "1765"]
[BlackElo "1605"]
[PlyCount "119"]
[EventDate "1995.??.??"]

{1/(8)} 1. d4 Nf6 2. Nf3 d6 3. Bf4 g6 4. h3 Bg7 5. e3 O-O 6. Be2 Nd5 7. Bh2 f5
8. c4 Nf6 9. Nc3 Nbd7 10. O-O c5 11. d5 Qb6 12. Qc2 Ne4 13. Nxe4 Bxb2 14. Rab1
fxe4 15. Rxb2 exf3 16. Rxb6 fxe2 17. Qxe2 Nxb6 18. e4 Na4 19. Qc2 Bd7 20. e5
dxe5 21. Bxe5 Rf5 22. f4 a6 23. g4 Rf7 24. Rf2 b5 25. f5 g5 26. Qd2 Nb6 27.
Qxg5+ Kf8 28. f6 Re8 29. fxe7+ Rexe7 30. Bd6 Nc8 31. Rxf7+ Kxf7 32. Qf4+ Ke8
33. Bxe7 Nxe7 34. cxb5 axb5 35. Qb8+ Nc8 36. Qe5+ Kd8 37. Qh8+ Kc7 38. Qxh7 Nd6
39. g5 c4 40. g6 c3 41. g7 Bf5 42. g8=Q+ Bxh7 43. Qxh7+ Kb6 44. Qc2 b4 45. a3
Kb5 46. axb4 Kxb4 47. h4 Kc4 48. h5 Nf7 49. Kf2 Kd4 50. Ke2 Ne5 51. h6 Nf7 52.
Qd3+ Ke5 53. h7 c2 54. Kd2 c1=Q+ 55. Kxc1 Kd6 56. Qg6+ Ke7 57. d6+ Nxd6 58.
h8=Q Nf7 59. Qhg7 Ke8 60. Q6xf7+ 1-0

[Event "Troy (US Am N/3/29)"]
[Site "?"]
[Date "1995.??.??"]
[Round "?"]
[White "McCarter, Robert"]
[Black "Ratkos, J."]
[Result "1-0"]
[WhiteElo "1705"]
[BlackElo "1605"]
[PlyCount "105"]
[EventDate "1995.??.??"]

{3/(29)} 1. d4 d5 2. Nf3 Nf6 3. Bf4 Nc6 4. e3 e6 5. c4 dxc4 6. Bxc4 Be7 7. h3
O-O 8. O-O Bd7 9. Nc3 a6 10. Rc1 Nh5 11. Bh2 b5 12. Bd3 Rc8 13. a3 Nf6 14. b4
Re8 15. Ne4 Nxe4 16. Bxe4 h6 17. Bxc6 Bxc6 18. Rxc6 Ra8 19. Qc2 Ra7 20. Rc1 Qd7
21. Rxc7 Rxc7 22. Qxc7 Qxc7 23. Rxc7 Bf6 24. Be5 Bxe5 25. Nxe5 f6 26. Nd3 Rd8
27. Nc5 Rd6 28. Ra7 g5 29. Rxa6 Rxa6 30. Nxa6 Kg7 31. Kf1 Kg6 32. Ke2 Kf5 33.
f3 h5 34. g4+ hxg4 35. hxg4+ Kg6 36. Nc7 e5 37. dxe5 fxe5 38. Nxb5 Kf6 39. a4
Ke6 40. Kd3 Kd5 41. Nc3+ Kc6 42. Kc4 Kd6 43. Ne4+ Ke6 44. Nxg5+ Kf6 45. Ne4+
Ke6 46. Kc5 Kd7 47. Kb6 Ke6 48. a5 Kd7 49. a6 Ke6 50. a7 Kd7 51. a8=Q Ke6 52.
Qe8+ Kd5 53. Qc6# 1-0

[Event "East Lansing (MI Op/1a/18)"]
[Site "?"]
[Date "1995.??.??"]
[Round "?"]
[White "McCarter, Robert"]
[Black "Moody, David"]
[Result "0-1"]
[WhiteElo "1725"]
[BlackElo "2015"]
[PlyCount "56"]
[EventDate "1995.??.??"]

1. d4 Nf6 2. Nf3 g6 3. Bf4 Bg7 4. e3 O-O 5. Be2 d6 6. h3 Nc6 7. O-O e5 8. dxe5
Nh5 9. Qc1 Nxf4 10. exf4 dxe5 11. fxe5 Nxe5 12. Na3 Qf6 13. c3 Bxh3 14. Nxe5
Qxe5 15. Bf3 Be6 16. Re1 Qc5 17. Bxb7 Rab8 18. Bf3 Rb6 19. Re2 Rfb8 20. Nb1 a5
21. a4 Bc4 22. Re1 Rxb2 23. Nd2 Bd3 24. Re8+ Rxe8 25. Qxb2 Bxc3 26. Qa3 Re1+
27. Kh2 Be5+ 28. g3 Qxf2+ 0-1

[Event "Eastpointe (EDO/5/9)"]
[Site "?"]
[Date "1995.??.??"]
[Round "?"]
[White "McCarter, Robert"]
[Black "McFolley, John"]
[Result "1-0"]
[WhiteElo "1735"]
[BlackElo "1605"]
[PlyCount "145"]
[EventDate "1995.??.??"]

{5/(9)} 1. d4 Nf6 2. Nf3 e6 3. Bf4 b6 4. e3 Bb7 5. Be2 h6 6. h3 Ne4 7. O-O Be7
8. c4 O-O 9. Nbd2 f5 10. Ne5 d6 11. Ng6 Rf6 12. Nxe7+ Qxe7 13. f3 Nxd2 14. Qxd2
Rg6 15. Bd3 e5 16. dxe5 dxe5 17. Bh2 e4 18. fxe4 Bxe4 19. Bxe4 Qxe4 20. Rf4 Qe6
21. Raf1 Na6 22. Qd5 c6 23. Qxe6+ Rxe6 24. Rxf5 Rxe3 25. Bd6 Ree8 26. Rf7 Rad8
27. Rxa7 Rxd6 28. Rxa6 Rd2 29. Rf3 Ree2 30. Rg3 Re1+ 31. Kh2 Rdd1 32. Rf3 h5
33. h4 g5 34. hxg5 h4 35. Kh3 Rd4 36. g3 Rh1+ 37. Kg2 Rdd1 38. gxh4 Rxh4 39.
Rxb6 Rd2+ 40. Kg3 Rdd4 41. Rb8+ Kg7 42. Rbf8 Rdg4+ 43. Kf2 Rh2+ 44. Ke3 Rxg5
45. R3f7+ Kg6 46. Rf6+ Kg7 47. R8f7+ Kg8 48. Rf2 Re5+ 49. Kd3 Rh1 50. R7f3 Kh7
51. Rg2 Rh6 52. Rfg3 Rd6+ 53. Kc3 Rh5 54. b4 Rh1 55. c5 Re6 56. Rg7+ Kh6 57.
Rg8 Kh7 58. R2g7+ Kh6 59. Rh8+ Kxg7 60. Rxh1 Re3+ 61. Kb2 Re2+ 62. Ka3 Kf6 63.
Rh6+ Ke5 64. Rxc6 Kd4 65. Rd6+ Kc4 66. c6 Re3+ 67. Ka4 Re8 68. Ka5 Ra8+ 69. Kb6
Ra4 70. c7 Rxb4+ 71. Kc6 Rb5 72. Kd7 Rb7 73. Kd8 1-0

[Event "Eastpointe (EDO/3/11)"]
[Site "?"]
[Date "1995.??.??"]
[Round "?"]
[White "McCarter, Robert"]
[Black "Marson, Michael"]
[Result "1-0"]
[WhiteElo "1735"]
[BlackElo "1605"]
[PlyCount "103"]
[EventDate "1995.??.??"]

{3/(11)} 1. d4 e6 2. Nf3 d5 3. Bf4 c5 4. c3 Nc6 5. e3 Nf6 6. Nbd2 Bd6 7. Bg3
cxd4 8. exd4 Qc7 9. Bxd6 Qxd6 10. Bd3 O-O 11. O-O Re8 12. Re1 e5 13. dxe5 Nxe5
14. Nxe5 Rxe5 15. Be2 h5 16. Nc4 Qe7 17. Nxe5 Qxe5 18. Bf3 Qg5 19. Qd4 Bg4 20.
Bxg4 Nxg4 21. h3 Nf6 22. Re5 Qg6 23. Rae1 b6 24. c4 dxc4 25. Qxc4 Rd8 26. Qe2
Rc8 27. Qe3 Rc2 28. Rg5 Qh6 29. Rb5 Qg6 30. Qd4 Rc7 31. Qd8+ Kh7 32. Qxc7 Qd3
33. Qe5 Qd2 34. Qe2 Qd7 35. Rd1 Qc7 36. Qd3+ Kh6 37. Rf5 Qc8 38. Qf3 Qc7 39.
Qf4+ Qxf4 40. Rxf4 Kg6 41. Rd6 Kg5 42. Rfxf6 gxf6 43. Rd7 a6 44. Rxf7 b5 45.
Ra7 h4 46. Rxa6 f5 47. Rb6 f4 48. Rxb5+ Kf6 49. Rh5 f3 50. gxf3 Ke6 51. Rxh4
Kf6 52. Re4 1-0

[Event "Troy (US Am N/5/26)"]
[Site "?"]
[Date "1995.??.??"]
[Round "?"]
[White "McCarter, Robert"]
[Black "Kyser, Bob"]
[Result "1-0"]
[WhiteElo "1705"]
[BlackElo "1605"]
[PlyCount "75"]
[EventDate "1995.??.??"]

{5/(26)} 1. d4 b6 2. Nf3 Bb7 3. e3 e6 4. c4 Na6 5. Nc3 Nf6 6. a3 Bd6 7. b4 Bxb4
8. axb4 Nxb4 9. Ba3 Bxf3 10. gxf3 a5 11. Rg1 O-O 12. Ne4 Re8 13. Bxb4 Nxe4 14.
fxe4 axb4 15. Ra4 c5 16. Qa1 Rxa4 17. Qxa4 d6 18. Bd3 Qa8 19. Qb5 Kf8 20. Ke2
Qa2+ 21. Kf3 Qa5 22. Qd7 Qa8 23. Qxd6+ Re7 24. Qxb6 Qa7 25. Qxc5 Qxc5 26. dxc5
e5 27. Rb1 Rb7 28. c6 Rc7 29. Rxb4 Rxc6 30. Rb5 f6 31. Kg4 Kf7 32. f4 Rd6 33.
Rd5 Ra6 34. c5 Ke6 35. Bxa6 f5+ 36. Kf3 fxe4+ 37. Kxe4 exf4 38. exf4 1-0

[Event "East Lansing (Class B/2/7)"]
[Site "?"]
[Date "1995.??.??"]
[Round "?"]
[White "McCarter, Robert"]
[Black "Jointer, William"]
[Result "1-0"]
[WhiteElo "1760"]
[BlackElo "1720"]
[PlyCount "109"]
[EventDate "1995.??.??"]

{2/(7)} 1. d4 Nf6 2. Nf3 g6 3. Bf4 Bg7 4. e3 O-O 5. Be2 Nh5 6. Bg3 d5 7. c4
Nxg3 8. hxg3 c6 9. Nc3 Bg4 10. cxd5 cxd5 11. Qb3 Nd7 12. Qxd5 Qb6 13. Qb5 Rac8
14. Qxb6 Nxb6 15. O-O Nc4 16. Bxc4 Rxc4 17. Ne5 Bxe5 18. dxe5 Rfc8 19. f3 Be6
20. Rfd1 a6 21. Rd4 R4c5 22. f4 b5 23. Rad1 Kg7 24. Rd8 R8c7 25. a3 a5 26. Rb8
Bd7 27. e4 e6 28. Rd4 Bc6 29. g4 Rc4 30. Rxc4 bxc4 31. Rd8 Bd7 32. Rb8 h6 33.
Kf2 g5 34. g3 Bc6 35. Rb6 Bd7 36. Nb5 c3 37. Nxc3 Rc6 38. Rxc6 Bxc6 39. Ke3 a4
40. Kd4 f6 41. exf6+ Kxf6 42. Kc5 Ba8 43. Kd6 Bb7 44. e5+ Kg6 45. Nxa4 gxf4 46.
gxf4 Bf3 47. Nc5 Bxg4 48. Nxe6 Kf5 49. b4 h5 50. Ng7+ Kxf4 51. Nxh5+ Bxh5 52.
e6 Kf5 53. Kd7 Ke5 54. e7 Bg4+ 55. Kd8 1-0

[Event "East Lansing (Class B/5/5)"]
[Site "?"]
[Date "1995.??.??"]
[Round "?"]
[White "McCarter, Robert"]
[Black "Johnston, R."]
[Result "1-0"]
[WhiteElo "1760"]
[BlackElo "1710"]
[PlyCount "77"]
[EventDate "1995.??.??"]

{5/(5)} 1. d4 Nf6 2. Nf3 g6 3. Bf4 d6 4. e3 Bg7 5. h3 O-O 6. Be2 Nbd7 7. O-O
Nh5 8. Bh2 f5 9. Bc4+ Kh8 10. Ng5 Ndf6 11. Ne6 Bxe6 12. Bxe6 Ne4 13. Bb3 c5 14.
c3 b5 15. Nd2 Nxd2 16. Qxd2 c4 17. Bc2 Nf6 18. Qe2 Nd5 19. e4 fxe4 20. Bxe4 e6
21. a4 Rb8 22. axb5 Nc7 23. Bc6 Nxb5 24. Bxb5 Rxb5 25. Qxc4 Rxb2 26. Rxa7 Qb6
27. Qc7 Qxc7 28. Rxc7 e5 29. dxe5 dxe5 30. c4 e4 31. Rxg7 e3 32. Be5 exf2+ 33.
Kh2 Re2 34. Rf7+ Kg8 35. Rxf8+ Kxf8 36. Bd6+ Kg7 37. c5 h5 38. Kg3 g5 39. Kf3
1-0

[Event "Eastpointe (MCO/6/17)"]
[Site "?"]
[Date "1995.??.??"]
[Round "?"]
[White "McCarter, Robert"]
[Black "Carvell, John"]
[Result "1-0"]
[WhiteElo "1760"]
[BlackElo "1610"]
[PlyCount "57"]
[EventDate "1995.??.??"]

{6/(17)} 1. d4 d5 2. Nf3 Nf6 3. Bf4 c6 4. e3 e6 5. c4 Bb4+ 6. Nbd2 O-O 7. a3
Be7 8. Ne5 Nbd7 9. Ndf3 Nh5 10. Bg3 Nxg3 11. hxg3 Bf6 12. Qc2 g6 13. Ng4 Bg7
14. Nh6+ Kh8 15. Bd3 e5 16. Nxf7+ Rxf7 17. Bxg6 Kg8 18. Bxf7+ Kxf7 19. Qf5+ Qf6
20. Qxh7 Nf8 21. Qh5+ Qg6 22. Nxe5+ Bxe5 23. Qxe5 dxc4 24. Rh4 Be6 25. O-O-O b5
26. Rdh1 a5 27. Rf4+ Ke7 28. Qc5+ Kd7 29. Rxf8 1-0

[Event "East Lansing (MI Op/6/29)"]
[Site "?"]
[Date "1995.??.??"]
[Round "?"]
[White "McCarter, Robert"]
[Black "Brady, Lindell"]
[Result "1/2-1/2"]
[WhiteElo "1725"]
[BlackElo "1900"]
[PlyCount "59"]
[EventDate "1995.??.??"]

{6/(29)} 1. d4 Nf6 2. Nf3 e6 3. Bf4 d5 4. e3 Bd6 5. Bg3 O-O 6. Bd3 b6 7. Nbd2
Bb7 8. c3 h6 9. Qc2 a5 10. Bxd6 Qxd6 11. a4 Nbd7 12. O-O Rac8 13. e4 dxe4 14.
Nxe4 Nxe4 15. Bxe4 Bxe4 16. Qxe4 c5 17. Rfd1 Nf6 18. Qe2 c4 19. Ne5 Qd5 20. Re1
Nd7 21. Rad1 Nxe5 22. dxe5 Qc6 23. Qc2 Rfd8 24. f4 Qc5+ 25. Kf1 Qc7 26. Re4
Rxd1+ 27. Qxd1 Rd8 28. Rd4 Rxd4 29. Qxd4 Qc6 30. Qd8+ 1/2-1/2

[Event "Eastpointe (EDO/1/11)"]
[Site "?"]
[Date "1995.??.??"]
[Round "?"]
[White "McCarter, Robert"]
[Black "Belleau, A."]
[Result "1-0"]
[WhiteElo "1735"]
[BlackElo "1605"]
[PlyCount "69"]
[EventDate "1995.??.??"]

{1/(11)} 1. d4 d5 2. Nf3 c5 3. c3 Nc6 4. Bf4 Nf6 5. e3 b6 6. Bb5 Bd7 7. Qa4 Qc8
8. Ne5 Nxe5 9. Bxe5 Bxb5 10. Qxb5+ Qd7 11. Qe2 Qc6 12. Nd2 Nd7 13. Bg3 e6 14.
O-O Nf6 15. a4 c4 16. f3 Bd6 17. Bxd6 Qxd6 18. e4 dxe4 19. fxe4 Qc7 20. Nxc4
Rc8 21. Ne5 O-O 22. Ng4 Nd7 23. e5 Qd8 24. Rf3 f6 25. exf6 e5 26. dxe5 gxf6 27.
exf6 Rc6 28. f7+ Rxf7 29. Rxf7 Kxf7 30. Qf3+ Nf6 31. Ne5+ Kg8 32. Nxc6 Qc7 33.
Rf1 Qd6 34. Qxf6 Qc5+ 35. Kh1 1-0

[Event "Eastpointe (MCO/2/8)"]
[Site "?"]
[Date "1995.??.??"]
[Round "?"]
[White "McCarter, Robert"]
[Black "Bailey, Greg"]
[Result "1/2-1/2"]
[WhiteElo "1760"]
[BlackElo "2065"]
[PlyCount "171"]
[EventDate "1995.??.??"]

{2/(8)} 1. d4 f5 2. Nf3 Nf6 3. Bf4 e6 4. e3 d5 5. c4 c6 6. Nbd2 Be7 7. h3 Nbd7
8. Bd3 h6 9. Ne5 Nf8 10. h4 g6 11. Qf3 h5 12. Qg3 Ng4 13. Ndf3 Bf6 14. Ke2 Bd7
15. cxd5 exd5 16. Bg5 Rg8 17. Bxf6 Qxf6 18. Ng5 Rg7 19. Qf4 Re7 20. Nxd7 Kxd7
21. Rhe1 Rae8 22. Kf1 Ne6 23. Nxe6 Rxe6 24. g3 Qe7 25. Rac1 Nxe3+ 26. fxe3 Rxe3
27. Rxe3 Qxe3 28. Qxe3 Rxe3 29. Rc3 Re7 30. Kf2 Ke6 31. Rc2 Kf6 32. Re2 Rg7 33.
Kf3 Rd7 34. Kf4 Rd8 35. b4 a6 36. a4 Rg8 37. Re5 Rd8 38. b5 axb5 39. axb5 Ra8
40. bxc6 bxc6 41. Re2 Ra4 42. Ke3 Ra8 43. Rc2 Re8+ 44. Kf4 Re6 45. Re2 Rd6 46.
Bc2 c5 47. dxc5 Rc6 48. Bb3 Rxc5 49. Re5 Rb5 50. Re3 Rb4+ 51. Kf3 d4 52. Re6+
Kg7 53. Re7+ Kf8 54. Rf7+ Ke8 55. Bd5 d3 56. Rb7 d2 57. Ke2 d1=Q+ 58. Kxd1 Rd4+
59. Ke2 Rxd5 60. Kf3 Rd7 61. Rb6 Kf7 62. Rb4 Rd3+ 63. Kf4 Kg7 64. Rc4 Kh6 65.
Rb4 Ra3 66. Rc4 Ra1 67. Ke3 Rf1 68. Ke2 Rg1 69. Kf2 Rh1 70. Kg2 Re1 71. Kf2 Re6
72. Kf3 g5 73. hxg5+ Kxg5 74. Rb4 Ra6 75. Rb8 Ra3+ 76. Kg2 Ra2+ 77. Kf3 Ra3+
78. Kg2 Ra1 79. Rg8+ Kf6 80. Rh8 Kg6 81. Rg8+ Kh7 82. Rg5 Ra5 83. Rxh5+ Kg6 84.
Rh8 Kf7 85. Kf3 Ra4 86. Rh4 1/2-1/2

[Event "East Lansing (Beg/2/13)"]
[Site "?"]
[Date "1995.??.??"]
[Round "?"]
[White "McAllister, Don"]
[Black "Smalec, Joseph"]
[Result "1-0"]
[WhiteElo "1605"]
[BlackElo "1605"]
[PlyCount "147"]
[EventDate "1995.??.??"]

{2/(13)} 1. d4 d5 2. Nf3 Nf6 3. Nc3 e6 4. e3 Bb4 5. Bd2 Bxc3 6. Bxc3 O-O 7. Bd3
Ne4 8. Bb4 Re8 9. O-O Nc6 10. Bb5 Bd7 11. Ba3 Na5 12. Bb4 Bxb5 13. Bxa5 Bxf1
14. Qxf1 b6 15. Bb4 a5 16. Ba3 b5 17. b3 b4 18. Bb2 Rf8 19. a3 bxa3 20. Bxa3
Nc3 21. Bxf8 Qxf8 22. Ne5 Ne4 23. Nd7 Qe8 24. Qb5 Nd6 25. Qc6 Rd8 26. Qxc7 Rxd7
27. Qxa5 Nb7 28. Qa8 Qxa8 29. Rxa8+ Rd8 30. Ra7 Nd6 31. h3 Nb5 32. Ra5 Nc3 33.
b4 Ne2+ 34. Kf1 Nc3 35. Ke1 f6 36. Kd2 Nb1+ 37. Kc1 Nc3 38. Rc5 Na4 39. Ra5 Nb6
40. b5 Rb8 41. c3 Nc4 42. Ra7 Rxb5 43. Ra8+ Kf7 44. g4 Nb6 45. Ra7+ Kg6 46. h4
h5 47. gxh5+ Kxh5 48. Rxg7 Kxh4 49. Rg6 Nd7 50. Kd2 Rb2+ 51. Ke1 Kh5 52. Rg2
Rb1+ 53. Kd2 Rb2+ 54. Kc1 Re2 55. Rh2+ Kg4 56. Rh7 Nf8 57. Rf7 Ng6 58. Rxf6 Kg5
59. Rxe6 Rxf2 60. e4 dxe4 61. Rxe4 Rf3 62. c4 Rc3+ 63. Kd2 Rxc4 64. Kd3 Rc6 65.
d5 Rd6 66. Rd4 Ne5+ 67. Ke4 Nc4 68. Rxc4 Kf6 69. Rc6 Rxc6 70. dxc6 Ke7 71. Kd5
Kd8 72. Kd6 Kc8 73. c7 Kb7 74. Kd7 1-0

[Event "East Lansing (Beg/5/10)"]
[Site "?"]
[Date "1995.??.??"]
[Round "?"]
[White "McAllister, Don"]
[Black "Bentley, S."]
[Result "0-1"]
[WhiteElo "1605"]
[BlackElo "1605"]
[PlyCount "92"]
[EventDate "1995.??.??"]

{5/(10)} 1. d4 d5 2. e3 Nf6 3. Nf3 Bg4 4. Be2 e6 5. O-O Bxf3 6. Bxf3 Bd6 7. Nc3
O-O 8. e4 c6 9. Bg5 h6 10. Bxf6 Qxf6 11. e5 Bxe5 12. dxe5 Qxe5 13. Re1 Qc7 14.
h3 Rd8 15. Na4 b6 16. Qd3 b5 17. Nc5 Qe7 18. Qd4 Re8 19. Re3 e5 20. Rxe5 Qxe5
21. Qg4 Qxb2 22. Rd1 Qxc2 23. Nb7 Qxa2 24. Nd6 Re7 25. Nf5 Kf8 26. Qxg7+ Ke8
27. Qg8+ Kd7 28. Qf8 Qa3 29. Bg4 h5 30. Nxe7+ hxg4 31. hxg4 Qxe7 32. Qg7 Na6
33. Rc1 Nb4 34. Qc3 Rc8 35. Qa3 Qg5 36. Qxa7+ Rc7 37. Qc5 Nd3 38. Qe3 Qxe3 39.
fxe3 Nxc1 40. g5 b4 41. Kf1 b3 42. Ke1 b2 43. e4 b1=Q 44. exd5 cxd5 45. g6 Rc2
46. g7 Nb3# 0-1

[Event "Eastpointe (MCO/4/9)"]
[Site "?"]
[Date "1995.??.??"]
[Round "?"]
[White "Mazuchowski, Tom"]
[Black "Walker, LeRoy"]
[Result "0-1"]
[WhiteElo "2200"]
[BlackElo "1900"]
[PlyCount "88"]
[EventDate "1995.??.??"]

{4/(9)} 1. e4 c5 2. a3 a6 3. Nf3 Nc6 4. b4 cxb4 5. axb4 Nxb4 6. d4 d5 7. e5 Bf5
8. Na3 e6 9. c3 Nc6 10. Nc2 Rc8 11. Ne3 Bg6 12. h4 h5 13. g3 Be4 14. Bd3 Bxd3
15. Qxd3 g6 16. Ng5 Qd7 17. O-O Bh6 18. Ng2 Nge7 19. Nh3 Bxc1 20. Raxc1 Nf5 21.
Ne3 Nce7 22. Ng5 Kf8 23. Rfd1 b5 24. Ra1 Qc6 25. Ra3 Kg7 26. Rda1 Ra8 27. Kh2
Qb6 28. Qd2 Rhc8 29. Nd1 Rcb8 30. Qa2 a5 31. Qb2 b4 32. cxb4 Qxb4 33. Qxb4 Rxb4
34. Rxa5 Rxa5 35. Rxa5 Rxd4 36. Ne3 Nxe3 37. fxe3 Rd2+ 38. Kg1 Nc6 39. Rc5 Nxe5
40. Rc7 Kf6 41. Kf1 Ra2 42. Rb7 Ra8 43. Ke2 Rd8 44. Nf3 Rd7 0-1

[Event "East Lansing (MI Op/3/10)"]
[Site "?"]
[Date "1995.??.??"]
[Round "?"]
[White "Mazuchowski, Tom"]
[Black "Steele, G."]
[Result "1-0"]
[WhiteElo "2210"]
[BlackElo "2015"]
[PlyCount "75"]
[EventDate "1995.??.??"]

{3/(10)} 1. e4 c5 2. Nc3 Nc6 3. Nge2 Nf6 4. g3 d5 5. exd5 Nd4 6. Bg2 Bg4 7. O-O
Nxd5 8. f3 Bf5 9. d3 Nb4 10. Nxd4 cxd4 11. Ne4 Rc8 12. Rf2 e6 13. a3 Nd5 14.
Kh1 Be7 15. Re2 O-O 16. Bd2 Qd7 17. Rc1 Rfd8 18. Qg1 Qa4 19. c4 dxc3 20. bxc3
Bxa3 21. Ra1 Qb3 22. Qxa7 Bb2 23. Rb1 b6 24. Be1 Ra8 25. Qb7 Ra2 26. Nd6 Bxd3
27. Qxf7+ Kh8 28. Rxe6 Bg6 29. Rxg6 hxg6 30. Qxg6 Rxd6 31. Qxd6 Qc2 32. Qd8+
Kh7 33. Qh4+ Kg8 34. Qe4 Bxc3 35. Qxc2 Rxc2 36. f4 Ne3 37. Be4 Rb2 38. Bxc3
$138 1-0